Bài ca sư phạm; T2

محفوظ في:
التفاصيل البيبلوغرافية
المؤلف الرئيسي: Bài ca sư phạm; T2
التنسيق: كتاب
اللغة:Undetermined
منشور في: Hà Nội Văn Hóa 1962
الموضوعات:
الوسوم: إضافة وسم
لا توجد وسوم, كن أول من يضع وسما على هذه التسجيلة!
Thư viện lưu trữ: Trung tâm Học liệu Trường Đại học Cần Thơ
LEADER 00510nam a2200169Ia 4500
001 CTU_15896
008 210402s9999 xx 000 0 und d
082 |a 891.734 
082 |b M235/T2 
100 |a Bài ca sư phạm; T2 
245 0 |a Bài ca sư phạm; T2 
245 0 |c Bài ca sư phạm; T2, A Makarenko; Dịch giả: Hướng Minh 
260 |a Hà Nội 
260 |b Văn Hóa 
260 |c 1962 
650 |a russian fiction 
980 |a Trung tâm Học liệu Trường Đại học Cần Thơ